| 000 | 01027nam0a2200289 4500 | ||
|---|---|---|---|
| 001 | RU\NLR\bibl\541042 | ||
| 005 | 20260407101638.0 | ||
| 021 |
_aRU _b2004-35414 _91777 |
||
| 035 | _a(NLR Aleph) 000533286 | ||
| 090 |
_a1366809 _c1366809 |
||
| 100 | _a20040720d2004 |||y0rusy50 ca | ||
| 101 | 0 | _arus | |
| 102 | _aRU | ||
| 105 | _aa ||||||||| | ||
| 200 | 1 |
_aВодогрейные котлы и бойлеры _eКат. [ACV] 2003/2004 |
|
| 210 |
_aБ.м. _cБ.и. _d[2004] |
||
| 215 |
_a80 с. _cцв. ил. _d30 |
||
| 606 | 0 |
_aВодогрейные котлы _jКаталоги _91272305 _3RU\NLR\auth\66206009 |
|
| 606 | 0 |
_aБойлеры _jКаталоги _91174889 _3RU\NLR\auth\66154331 |
|
| 686 | _aЗ370.3-524.3я87 | ||
| 686 | _aЗ384-51я87 | ||
| 711 | 0 | 2 |
_8rus _8eng _aACV international _cкомпания _cБельгия _7ba _7ca _3RU\NLR\AUTH\8810056178 _9613082 |
| 801 | 0 |
_aRU _bNLR _c20040720 _gPSBO |
|
| 801 | 1 |
_aRU _bNLR _c20040720 |
|
| 942 | _cBOOK | ||
| 980 | _aNB | ||